Calderas de vapor en la industria: teoría, práctica, algoritmos y ejemplos de cálculo
-д хадгалсан:
| Үндсэн зохиолчид: | , |
|---|---|
| Формат: | Ном |
| Хэл сонгох: | испани |
| Хэвлэсэн: |
Bilbao
Cadem
1996
|
| Нөхцлүүд: | |
| Шошгууд: |
Шошго нэмэх
Шошго байхгүй, Энэхүү баримтыг шошголох эхний хүн болох!
|
MARC
| LEADER | 00000nam a2200000 a 4500 | ||
|---|---|---|---|
| 001 | UCP9619 | ||
| 003 | CL-VaPUC | ||
| 008 | 000331e19960000SP |||||||||||||||||spa|d | ||
| 082 | 0 | 4 | |a 621.1 |b MOL |2 21 |
| 100 | |a Molina Igartua, Luis Alfonso |e autor |9 440295 | ||
| 700 | 0 | |a Alonso Girón, Jesús María |e author |9 440283 | |
| 245 | 1 | 0 | |a Calderas de vapor en la industria: teoría, práctica, algoritmos y ejemplos de cálculo |
| 300 | |a 479 p | ||
| 942 | |c BK | ||
| 945 | |d 20000331 00:00:00 |a vberengu | ||
| 260 | |a Bilbao |b Cadem |c 1996 | ||
| 650 | 7 | |a CALDERAS |2 CL-VaPUC |9 260947 | |
| 650 | 0 | |a Calderas de vapor |9 260645 | |
| 650 | 0 | |a Energía del vapor |9 440284 | |
| 650 | 0 | |a Ingeniería del vapor |9 428733 | |
| 650 | 7 | |a INGENIERIA TERMICA |2 CL-VaPUC |9 352309 | |
| 650 | 0 | |a Turbinas de vapor |9 260975 | |
| 583 | |a last modification |c 20000331 00:00:00 |k Rodrigo Vera | ||
| 999 | |c 286411 |d 286409 | ||